Statistics for Most Viewed Music Artists on YouTube

Click here to take the quiz!

General Stats

  • This quiz has been taken 77 times
  • The average score is 15 of 50

Answer Stats

RankArtistViews% Correct
4Taylor Swift22.55B
85%
1Justin Bieber25.84B
84%
2Ed Sheeran25.20B
72%
10Eminem19.28B
69%
9Ariana Grande19.49B
62%
23Beyoncé13.69B
62%
36Adele11.40B
61%
5Katy Perry22.52B
57%
14Rihanna17.60B
57%
3BTS24.83B
52%
17Bruno Mars15.56B
51%
31Lady Gaga11.97B
49%
44Michael Jackson10.55B
48%
47Selena Gomez10.36B
43%
24Luis Fonsi13.69B
41%
49Shawn Mendes10.24B
41%
13Maroon 518.29B
39%
37One Direction11.31B
39%
6Shakira21.44B
38%
18The Weeknd15.52B
38%
16BLACKPINK16.51B
36%
26Coldplay13.48B
34%
8Bad Bunny20.96B
30%
21David Guetta14.56B
26%
12Daddy Yankee18.45B
25%
39Pitbull11.28B
23%
43Sia10.78B
23%
32Imagine Dragons11.89B
21%
33Wiz Khalifa11.55B
21%
25Calvin Harris13.56B
18%
11J Balvin19.24B
16%
27Marshmello12.87B
16%
15Maluma17.38B
15%
34Alan Walker11.48B
11%
29Chris Brown12.01B
11%
7Ozuna20.98B
11%
19Enrique Iglesias15.46B
10%
38Karol G11.30B
10%
22Nicky Jam14.47B
10%
30The Chainsmokers12.01B
8%
50Anuel AA10.22B
7%
48Linkin Park10.25B
7%
41Banda MS10.90B
3%
46Gummibär10.43B
3%
28Romeo Santos12.62B
3%
35Guru Randhawa11.42B
2%
42Gusttavo Lima10.82B
2%
40Henrique e Juliano11.05B
2%
20Marília Mendonça14.60B
2%
45Neha Kakkar10.53B
2%

Score Distribution

Percentile by Number Answered

Percent of People with Each Score

Your Score History

You have not taken this quiz